00000000nam##2200000za#4500
0019.641872
003CaOODSP
00520210624223427
007cr |||||||||||
008150407|2007||||xxc|||||o    f|0| 0 fre|d
040 |aCaOODSP|bfre
043 |an-cn---
0861 |aT52-4/87-4-2008F-PDF
1101 |aCanada.|bTransports Canada. |bAviation civile.
24510|aSystème de gestion des risques liés à la fatigue pour le milieu aéronautique canadien. Élaboration et mise en oeuvre d'un système de gestion des risques liés à la fatigue |h[ressource électronique]
260 |aOttawa - Ontario : |bTransports Canada. |cc2008.
300 |a72p.
500 |a«Le présent guide fait partie de la boîte à outils du Système de gestion des risques liés à la fatigue (SGRF) pour le milieu aéronautique canadien.»--Page 3 de 72.
590 |a13-13-Supp|b2013-05-21
77508|tFatigue Risk Management System for the Canadian aviation industry. Developing and implementing a Fatigue Risk Management System |w(CaOODSP)9.697782
85640|ahttp://publications.gc.ca|qPDF|s657 Ko|uhttps://publications.gc.ca/collections/collection_2013/tc/T52-4-87-4-2008-fra.pdf
986 |aTP 14575F (Avril 2007)